Normal view
MARC view
- البرواري، نزار عبد المجيد، م.مشارك احمد فهمي البرزنجي
Entry Personal Name
001 - CONTROL NUMBER
- control field: 57277
003 - CONTROL NUMBER IDENTIFIER
- control field: JO-AjAnu
005 - DATE AND TIME OF LATEST TRANSACTION
- control field: 20230606083400.0
008 - FIXED-LENGTH DATA ELEMENTS
- fixed length control field: 230606|| aca||aabn | a|a d
040 ## - CATALOGING SOURCE
- Original cataloging agency: JO-AjAnu
- Transcribing agency: JO-AjAnu
100 ## - HEADING--PERSONAL NAME
- Personal name: البرواري، نزار عبد المجيد، م.مشارك احمد فهمي البرزنجي
670 ## - SOURCE DATA FOUND
- Source citation: Work cat.: (JO-AjAnu)29224: البرواري، نزار عبد المجيد، م.مشارك احمد فهمي البرزنجي, author, استراتيجيات التسويق: المفاهيم، الاسس، الوظائف